Loading...
| History - American | 0 | 5 | 0 | 1 | 50 | 44 | 75.20 | 0 | 1 | 17.41 | 23.33 |
| Geography | 0 | 3 | 0 | 1 | 30 | 60 | 80.00 | 0 | 2 | 20.99 | 47.22 |
| Social Science | 0 | 3 | 0 | 1 | 30 | 75 | 91.33 | 0 | 1 | 5.81 | 10.42 |
| History - European | 0 | 1 | 0 | 0 | 10 | 68 | 68.00 | 0 | 0 | 2.99 | 3.33 |
| History - Other | 0 | 1 | 0 | 0 | 10 | 45 | 45.00 | 0 | 1 | 5.79 | 8.33 |
| Current Events | 0 | 1 | 0 | 0 | 10 | 42 | 42.00 | 0 | 1 | 11.68 | 15.56 |
| Literature - British | 0 | 1 | 0 | 1 | 10 | 111 | 111.00 | 0 | 0 | 0.09 | 1.11 |
| Mythology | 0 | 1 | 0 | 1 | 10 | 76 | 76.00 | 0 | 0 | 3.39 | 2.22 |
| Philosophy | 0 | 1 | 0 | 0 | 10 | 90 | 90.00 | 0 | 0 | 1.68 | 3.17 |
| Religion | 0 | 1 | 0 | 0 | 10 | 95 | 95.00 | 0 | 0 | 1.36 | 2.22 |
| Science - Chemistry | 0 | 1 | 0 | 1 | 10 | 101 | 101.00 | 0 | 0 | 0.29 | 3.33 |
| History - World | 0 | 1 | 0 | 0 | 10 | 62 | 62.00 | 1 | 1 | 4.41 | 10.00 |
| Fine Arts - Classical Music | 0 | 1 | 0 | 0 | 10 | 95 | 95.00 | 0 | 1 | 2.58 | 8.89 |
| Fine Arts - Painting and Sculpture | 0 | 1 | 0 | 0 | 10 | 121 | 121.00 | 0 | 0 | 0.16 | 2.22 |
| Science - Other | 0 | 0 | 0 | 0 | 0 | 0.00 | 0 | 0 | 0.00 | 0.00 |